000 00449nam a22001577a 4500
003 OSt
005 20220909234116.0
008 220909b |||||||| |||| 00| 0 eng d
040 _cBiblioteca Lado V
082 _a708
_bG154gal
110 _aGalleri Faurschou/
245 _aGalleri Faurschou/
_bCopenhagen/
260 _aCopenhagen
_bGalleri Faurschou/
_c2001
300 _a44p.
_c25x25cm
942 _2ddc
_c1
_h708
_iG154gal
_n0
999 _c1999
_d1999